| 000 | 00908nam a2200241Ii 4500 | ||
|---|---|---|---|
| 003 | JO-AjNU | ||
| 008 | 230605s9999||||xx |||||||||||||| ||und|| | ||
| 017 | _a2003/1581 | ||
| 020 | _a977-345-276-X | ||
| 040 |
_aJO-AjNU _bara _erda _cJO-AjNU |
||
| 041 | _aara | ||
| 050 | 1 | 4 | _aHF5821.R3612 2007 |
| 100 | 3 |
_aتأليف: راندل، جيفري ؛ اعداد: قسم الترجمة بدار الفاروق, _eauthor _933964 |
|
| 245 | 0 | 0 | _aكيف تضع علامة تجارية لمنتجاتك وتروجها؟ = Branding |
| 250 | _aط2 العربية | ||
| 264 | 3 | 1 | _aالقاهرة: دار الفاروق للنشر والتوزيع، 2007 |
| 300 |
_a208ص _bيحتوي على ببلوغرافية من ص197--208ص |
||
| 336 |
_atext _btxt _2rdacontent |
||
| 337 |
_aunmediated _bn _2rdamedia |
||
| 338 |
_avolume _bnc _2rdacarrier |
||
| 490 | 0 | _aللجميع؛4 | |
| 650 | 4 |
_aالترويج _933965 |
|
| 999 |
_aA13877 _c17445 _d17445 |
||